000 00520nam a22002057a 4500
003 OSt
005 20140310182929.0
008 130130t xxu||||| |||| 00| 0 eng d
020 _a9712310582
050 _aLB 1028
_b.Se511 1992
082 _aFIL 001.42
_b.Se511 1992
245 _aResearch methods
_cSevilla, Consuelo G.,
260 _aManila
_bRex Book Store
_cc1992
300 _axiv, 333 p.
_c23 cm.
521 _aCollege
526 _c1210L-1700L
541 _j1
562 _e1
942 _2lcc
_cBK
_kFIL
999 _c17489
_d17489